| 000 | 01007nam a22002057a 4500 | ||
|---|---|---|---|
| 999 |
_c62044 _d62044 |
||
| 003 | Ge_BSU | ||
| 005 | 20240626171115.0 | ||
| 008 | 240626s1976 ge ||||| |||| 00| 0 geo d | ||
| 041 | _ageo | ||
| 080 | _a61(479.22)(092) ბ-37 | ||
| 100 |
_aბახტაძე, გივი _919727 |
||
| 245 |
_aალექსანდრე ალადაშვილი : _b[ცხოვრება და მოღვაწეობა] / _c გივი ბახტაძე, ვლადიმერ გერსამია. |
||
| 264 |
_aთბ. : _b საბჭ. საქართველო, _c1976. |
||
| 300 |
_a187 გვ. : _b 4 ფ. ილ. ; _c20 სმ. |
||
| 653 | _aალადაშვილი, ალექსანდრე | ||
| 653 | _aქართველი ექიმები | ||
| 700 |
_aგერსამია, ვლადიმერ _eავტორი _922601 |
||
| 700 |
_aფალიანი, ე. _eრედაქტორი _94048 |
||
| 942 |
_2udc _cᲬᲘᲒᲜᲘ |
||